K niektorým aspektom aktualizovania biblicky motivovaných frazém v súčasnej komunikácii

Bibliographic Details
Main Author: Mlacek, Jozef, 1937- (Author)
Format: Article
Language:Slovak

MARC

LEADER 00000nab a2200000 a 4500
001 vtls011102516
003 SK-MaSNL
005 20260225205249.0
008 230222|2011 xo |||||||||||||||||slo|
015 |a SNBRB 
035 |a (uuid)24a31a44-4dee-49a3-affd-076b58092702 
035 |a (urnnbn)urn:nbn:sk:snk:ar-007cci 
035 |a urn:nbn:sk:snk-ab98s2 
040 |a SNKBUCL  |b slo  |c SNKBUCL  |e AACR2 
041 0 |a slo 
044 |a xo  |c SK 
100 1 |a Mlacek, Jozef,  |4 aut  |d 1937- 
245 1 0 |a K niektorým aspektom aktualizovania biblicky motivovaných frazém v súčasnej komunikácii  |c Jozef Mlacek 
773 0 |t Studia Academica Slovaca : prednášky ... letnej školy slovenského jazyka a kultúry  |g Roč. 40, č. 40 (2011), s. 201-211 
954 |a odborná, vedecká literatúra pôvodná (slovenská)  |2 lita 
958 |a OND 
958 |a EUIPO 
958 |a article13 
999 |c 2007487  |d 2009417